Forecasting : market determinats affecting cash flows and reversions

Bibliographic Details
Format: Book
Language:English
Published: Chicago : American Institute of Real Estate Appraisers 1989
Series:AIREA Research Series
Subjects:

MARC

LEADER 00000cam a2200000 7i4500
001 0000001580
005 20240924.0
008 991126 ilu a eng
020 |a 0922154007 
040 |a INS   |b eng   |e rda 
090 0 0 |a HD1363   |b .F67 1989 
245 0 0 |a Forecasting :   |b market determinats affecting cash flows and reversions 
264 1 |a Chicago :   |b American Institute of Real Estate Appraisers   |c 1989 
300 |a 121 pages :   |b illustrations ;   |c 28 cm. 
336 |a text  |2 rdacontent 
337 |a unmediated  |2 rdamedia 
338 |a volume  |2 rdacarrier 
440 0 |a AIREA Research Series 
500 |a Research report 4 
650 0 |a Real estate business   |x Forecasting   |x Congresses 
999 |a 0000007084   |b BOOK   |c Open Shelf   |e Default branch